Сеятеля (Запис номер 14567)
[ съкратено ]
| 000 -Лидер | |
|---|---|
| Контролно поле с фиксирана дължина | 01989nam a2200373 c 4500 |
| 003 - Код на организацията, давaща контролен номер | |
| Контролно поле | BLK |
| 005 - Дата и час на последна редакция | |
| Контролно поле | 20240405005707.0 |
| 008 - Елементи от данни с фиксирана дължина | |
| fixed length control field | 180412b bul|||||r ||||||| ||bul|| |
| 010 ## - Наследен системен номер | |
| LC control number | KNG00016281000 |
| 020 ## - Международен стандартен номер на книга ISBN | |
| Международен стандартен номер на книга ISBN | 954-8091-58-7 |
| -- | издат.: Бяло братство |
| 040 ## - Източник на каталожния запис | |
| Идентификатор на билиотеката - собственик на записа | BLK |
| 041 ## - Код за език | |
| Код за езика на текст/звукозапис или на отделно заглавие | Български |
| Код за езика КДБФ | Български |
| 080 ## - УДК | |
| Текстов определител УДК | Философски мистицизъм. Ранни езотерични школи. Кабала. Теософия. Антропософия. Суфизъм. Еклектизъм. Синкретизъм. Херметизъм. Розенкройцерство. Др. школи |
| УДК код - определител по УДК | 141.33 |
| УДК определител | |
| УДК - код + определител | 141.33 |
| 080 ## - УДК | |
| Текстов определител УДК | Религия и наука. Теология и философия. Знание и вяра. Конфликт между църквата и науката Вж и 001;1;291. 1;234; 239 |
| УДК код - определител по УДК | 215 |
| УДК определител | |
| УДК - код + определител | 215 |
| 100 ## - Редна дума - Автор | |
| Автор | Дънов, Петър Константинов |
| Титли или други наименования, свързани с автора | Беинса Дуно ; Учителя Беинса Дуно |
| Дати, свързани с автора | 1864-1944 |
| Автор - информация (биография) | Философ, създава Школата на Всемирното Бяло братство в България |
| Авторска отговорност | първи автор |
| R(LIN) | 363384 |
| 139 ## - Редно поле | |
| Редна дума | Дънов, Петър Константинов |
| Авторски знак | Дъ - Д 95 |
| 245 10 - Сведения за заглавието | |
| Заглавие | Сеятеля |
| Подзаглавни данни | [Беседи] 13-27, 1932-1933 г. |
| Редно поле (дума) | Петър Константинов Дънов. |
| 250 ## - Област на изданието | |
| Сведения за изданието | 2. изд |
| 257 ## - Страна на издаване | |
| Страна на създаване/издаване | България |
| 260 ## - Област на издателските данни | |
| -- | София |
| Име на издателя, разпространителя и проч. | Бяло братство |
| Година на издаване | 1996 |
| 300 ## - Физическа характеристика | |
| Страници | 247 с. |
| Размери/Мащаб | 20 см |
| 380 ## - Жанр | |
| Жанр | Философия |
| 490 1# - СЕРИИ (Колекции) | |
| Име на серия | Утринни слова |
| №: серия | Г. III, т. |
| 500 ## - Общи забележки | |
| Забележка | Деп. списък: 7 1. изд. 1950 изд. на печ. Житно зърно ; 300 тир |
| 650 #4 - Допълнително описание по предмет – тема | |
| Основно описание – тема или топоним | Дъновизъм |
| 9 (RLIN) | 153927 |
| 650 #4 - Допълнително описание по предмет – тема | |
| Основно описание – тема или топоним | Окултни учения |
| 9 (RLIN) | 243389 |
| 650 #4 - Допълнително описание по предмет – тема | |
| Основно описание – тема или топоним | Знание и вяра |
| 9 (RLIN) | 156099 |
| 852 ## - Местоположение | |
| Форматна сигнатура | Цб 191799 |
| 856 4# - Електронен адрес и достъп | |
| Електронен формат | pdf - файл |
| Път до файла /url/ | |
| 856 4# - Електронен адрес и достъп | |
| Електронен формат | pdf - файл |
| Път до файла /url/ | |
| 942 ## - АРТИКУЛИ | |
| Вид на библиотечния материал | Книги |
| Скрит в OPAC | Не |
| 944 ## - СЪЗДАВАНЕ И РЕДАКЦИЯ на ЗАПИСА | |
| Създаване/Редакция | Създаване |
| Дата на регистрацията/редакция | 15.01.2003 |
| Служител, извършил регистрацията/редакцията | |
| Статус, дата на статуса | CRON CRON |
| 944 ## - СЪЗДАВАНЕ И РЕДАКЦИЯ на ЗАПИСА | |
| Създаване/Редакция | Редакция |
| Дата на регистрацията/редакция | 16.12.2016 |
| Служител, извършил регистрацията/редакцията | Силвестър_Спасов |
| 999 ## - СИСТЕМНИ КОНТРОЛНИ НОМЕРА | |
| Koha biblionumber | 14567 |
| Koha biblioitemnumber | 14567 |
| Код за отписване | Код за изгубен артикул | Източник на класификационната схема | Код за повреда | Коз за рестрикции | Код за отдаване | Артикулен № | Име на библиотеката - собственик | Име на библиотеката, в която се намира в момента | Статус (Текущо местоположение) | Дата на вписване в системата | Местоположение - отдел | Цена в лева | Инвентарен номер | Систематично азбучна сигнатура | Баркод | Номер на екземпляра | Цена в евро | Служебен тип на артикула |
|---|---|---|---|---|---|---|---|---|---|---|---|---|---|---|---|---|---|---|
| Не е изгубен | Universal Decimal Classification | Не е повреден | без рестрикции | ползва се в читалня | 24896 | Регионална библиотека "Любен Каравелов" Русе | Регионална библиотека "Любен Каравелов" Русе | Хранилище | 2001-01-01 | Хранилище | 0.25 | 630038 | Цб 191799 | 120000630038 | 1 | 0.13 | Книги |